Search the Library Catalogue
| 000 -LEADER | |
|---|---|
| fixed length control field | 00682nam a2200205Ia 4500 |
| 008 - FIXED-LENGTH DATA ELEMENTS--GENERAL INFORMATION | |
| fixed length control field | 191130s2001##################000#0#eng## |
| 020 ## - INTERNATIONAL STANDARD BOOK NUMBER | |
| International Standard Book Number | 9780375725791 |
| 040 ## - CATALOGING SOURCE | |
| Original cataloging agency | ACL |
| Transcribing agency | ACL |
| 082 ## - DEWEY DECIMAL CLASSIFICATION NUMBER | |
| Classification number | 332.042 EPP |
| 100 ## - MAIN ENTRY--PERSONAL NAME | |
| Personal name | Epping, Randy Charles |
| 245 ## - TITLE STATEMENT | |
| Title | A beginner’s guide to the world economy : eighty-one basic economic concepts that will change the way you see the world |
| Statement of responsibility, etc. | Randy Charles Epping |
| 250 ## - EDITION STATEMENT | |
| Edition statement | 3rd vintage books ed |
| 260 ## - PUBLICATION, DISTRIBUTION, ETC. | |
| Place of publication, distribution, etc. | New York |
| Name of publisher, distributor, etc. | Vintage Books |
| Date of publication, distribution, etc. | 2001 |
| 300 ## - PHYSICAL DESCRIPTION | |
| Extent | xviii, 232 p. : ill., maps ; 21 cm |
| 650 ## - SUBJECT ADDED ENTRY--TOPICAL TERM | |
| Topical term or geographic name entry element | Finance |
| Topical term or geographic name entry element | International finance |
| 990 ## - EQUIVALENCES OR CROSS-REFERENCES [LOCAL, CANADA] | |
| Link information for 9XX fields | 19522a93ac10000c402cc74c398a163e |
| 991 ## - | |
| -- | 144167 |
| Withdrawn status | Lost status | Materials specified (bound volume or other part) | Damaged status | Not for loan | Home library | Current library | Shelving location | Date acquired | Total Checkouts | Total Renewals | Full call number | Barcode | Date last seen | Date last checked out | Price effective from | Koha item type |
|---|---|---|---|---|---|---|---|---|---|---|---|---|---|---|---|---|
| pbk | Anna Centenary Library | Anna Centenary Library | 4TH FLOOR, A WING | 15.10.2020 | 3 | 1 | 332.042 EPP | 378812 | 12.10.2025 | 23.08.2025 | 15.10.2020 | English Books |